Countries with Least Police per Person - Statistics

General Stats
  • This quiz has been taken 735 times
  • The average score is 13 of 30
Answer Stats
Police Country % Correct
143 China
75%
150 India
74%
188 Canada
66%
195 Sweden
65%
196 Iceland
64%
188 Norway
64%
130 Finland
62%
202 Australia
61%
41 Niger
60%
187 Nigeria
56%
181 Pakistan
54%
125 Bangladesh
50%
38 Mali
47%
75 Iran
44%
203 Kenya
41%
43 Somalia
40%
83 Ghana
39%
193 Nepal
38%
210 Switzerland
38%
55 Togo
36%
77 Guinea
34%
160 Philippines
33%
100 Liberia
30%
170 Myanmar
30%
65 Papua New Guinea
25%
108 Haiti
24%
125 Lesotho
18%
131 Tunisia
18%
207 Vanuatu
15%
62 Comoros
14%
No matching quizzes found
Score Distribution
Percent of People with Each Score
Percentile by Number Answered
Your Score History
You have not taken this quiz